000 00341nam a22001457a 4500
003 SGT
020 _a9781350305069
082 _a747
_bCRO
100 _aCROSS NIGEL
245 _aDESIGN THINKING
_bUNDERSTANDING HOW DESIGNERS THINK AND WORK
250 _a2ND
260 _aLONDON
_bBLOOMSBURY
_c2023
300 _a187
942 _2ddc
_cBK
999 _c32283
_d32283